Statistiques concernant Acteurs en Q, U, X, Y et Z (par images).

Cliquez ici pour prendre le quiz!

Statistiques générales

  • Ce quiz a été pris 127 fois
  • Le résultat moyen est 5 sur 14

Statistiques - réponses

Réponse% Correct
Michaël Youn
90%
Zendaya
84%
Gaspard Ulliel
60%
Jean-Pascal Zadi
55%
Catherine Zeta-Jones
35%
Roschdy Zem
30%
Renée Zellweger
28%
Elsa Zylberstein
19%
Steven Yeun
19%
Anthony Quinn
15%
Jack Quaid
12%
Karl Urban
12%
Billy Zane
8%
Sean Young
8%

Distribution des résultats

Percentile par nombre de réponses

% des personnes avec chaque résultat

Votre développement - résultats

Vous n’avez pas pris ce quiz